| 000 | 00658nam a22002417a 4500 | ||
|---|---|---|---|
| 003 | UA-OsUOA | ||
| 001 | 27811 | ||
| 007 | ta | ||
| 008 | 20040914b un ||||| |||| 00| 0 ukr d | ||
| 090 |
_a792(47+571)(091) _bИ90 |
||
| 942 | _cBK | ||
| 040 |
_aUA-OsUOA _brus _cUA-OsUOA _dUA-OsUOA |
||
| 245 |
_aИстория советского драматического театра _b1926-1932 _cРед. М. Н.Строева |
||
| 300 |
_a615 с. _bІлюстрації |
||
| 955 | _a0 | ||
| 041 | _arus | ||
| 080 | _a792(47+571)(091) | ||
| 260 |
_aМосква _bНаука _c1967 |
||
| 246 | 3 | 1 |
_aТ. 3 _n |
| 044 | _aRU | ||
| 650 | 7 | _2UDC | |
| 999 |
_c314163 _d314163 |
||